| 000 | 01927nmm a2200457 i 4500 | ||
|---|---|---|---|
| 001 | 41246 | ||
| 003 | KOSZ 005 | ||
| 005 | 20211206104859.0 | ||
| 006 | m q b | ||
| 007 | co cgunnnuuuuu | ||
| 008 | 101010s2009 pl f b pol d | ||
| 040 |
_cKOSZ 005 _aKOSZ 005 _dKOSZ 005/HR |
||
| 041 | 0 | _apol | |
| 044 | _aPOL | ||
| 046 | _k2009 | ||
| 080 | _a004.42 | ||
| 080 | _a004.92 | ||
| 080 | _a624 | ||
| 080 | _a69 | ||
| 080 | _a72 | ||
| 080 | _a(0.034.2) | ||
| 245 | 0 | 0 |
_aINTERsoft creative software _h[Dokument elektroniczny]. |
| 246 | 1 | 4 | _aArCADia |
| 250 | _aWrzesień 2009. | ||
| 260 |
_aŁódź : _bINTERsoft, _c2009. |
||
| 300 |
_a1 dysk optyczny (DVD) ; _c12 cm. |
||
| 500 | _aTyt. z etykiety na dysku. | ||
| 500 | _aW pojemniku 14 x 19 cm. | ||
| 500 | _aNa okł.: ArCADia Soft. | ||
| 500 | _aZawiera: Allplan 2009; ArCadia-Architektura 3.7 dla programu Auto-CAD, IntelliCAD (Basic, Elementy budynku, Eksport/Import, Narzędzia); ArCADia-IntelliCAD 1009 PL; ArCADia-Sieci elektryczne 1.0 dla programu AutoCAD, IntelliCAD; ArCADia-Kanalizacja zewnętrzna 1.0 dla programu AutoCAD, IntelliCAD; ArCADia-TERMO 1.6; ArCADia-TERMO PRO 1.6; ArCon 6; Ceninwest 2.0; duoCAD 3.1; InstalCAD 2.1; INTERdrewno 2D/3D 1.2; INTERsoft-Przedmiar 1.0; INTERstal 2D/3D 1.3; I.T.I. 3.1; Konstruktor 5.3; NetMan 2.0; PlaTo 4.0; R2D2-Rama 2D 7.0; R3D3-Rama 3D 7.0; Sieci elektryczne 1.0; StalCAD 1.0; TERMO 1.6; ŻelbetCAD 1.0. | ||
| 650 | 4 | _aProjektowanie architektoniczne | |
| 650 | 4 | _aBudownictwo | |
| 650 | 4 | _aInstalacje | |
| 650 | 4 | _aProgramy komputerowe | |
| 650 | 4 | _aKonstrukcje budowlane | |
| 650 | 4 | _aProjektowanie wspomagane komputerowo | |
| 655 | 4 | _aDokumenty elektroniczne | |
| 658 | _aArchitektura i budownictwo | ||
| 856 |
_uhttp://koha.tu.koszalin.pl/cgi-bin/koha/opac-detail.pl?biblionumber=41246 _yKatalog online BPK |
||
| 942 |
_cDVD _2UKD |
||
| 999 |
_c41246 _d41246 |
||